[Event "N�-LL 2007_08"]
[Site "?"]
[Date "2008.04.13"]
[Round "12"]
[White "Wallner, Erich"]
[Black "Bachmayer, Josef"]
[Result "1-0"]
[WhiteElo "2192"]
[BlackElo "2084"]
[Annotator "St.P�lten : Amstetten"]
[PlyCount "71"]
[EventDate "2007.10.10"]
[SourceDate "2008.04.18"]

1. d4 f5 2. g3 Nf6 3. Bg2 g6 4. b3 Bg7 5. Bb2 O-O 6. Nh3 d6 7. O-O Qe8 8. d5
Na6 9. c4 Nc5 10. Nf4 g5 11. Nd3 e5 12. dxe6 Nxe6 13. Nc3 Qg6 14. Nd5 Rf7 15.
Nxf6+ Bxf6 16. Bxf6 Rxf6 17. c5 Nxc5 18. Nxc5 dxc5 19. Qd8+ Rf8 20. Qxc7 Qf7
21. Qxc5 Be6 22. Rac1 Rfd8 23. h3 Bd5 24. Rfd1 Bxg2 25. Kxg2 b6 26. Qc6 Rab8
27. Rd6 Rxd6 28. Qxd6 Rb7 29. Qd8+ Kg7 30. Qxg5+ Qg6 31. Qd8 Qf7 32. Rc6 Qe7
33. Qd4+ Kf7 34. Qd5+ Kg7 35. Qxf5 Rd7 36. Re6 1-0

[Event "N�-LL 2007_08"]
[Site "?"]
[Date "2008.04.13"]
[Round "12"]
[White "Vyskocil, Neklan"]
[Black "Weiss, Christian"]
[Result "1/2-1/2"]
[WhiteElo "2346"]
[BlackElo "2430"]
[Annotator "P�chlarn : Zwettl"]
[PlyCount "20"]
[EventDate "2007.10.10"]
[SourceDate "2008.04.18"]

1. e4 c5 2. Nf3 e6 3. d4 cxd4 4. Nxd4 a6 5. Bd3 Nf6 6. O-O Qc7 7. Qe2 d6 8. c4
Be7 9. Nc3 O-O 10. Kh1 b6 {Rest nicht lesbar} 1/2-1/2

[Event "N�-LL 2007_08"]
[Site "?"]
[Date "2008.04.13"]
[Round "12"]
[White "Knoll, Hermann"]
[Black "Mlynek, Peter"]
[Result "1-0"]
[WhiteElo "2373"]
[BlackElo "2188"]
[Annotator "P�chlarn : Zwettl"]
[PlyCount "92"]
[EventDate "2007.10.10"]
[SourceDate "2008.04.18"]

1. d4 d5 2. Nf3 c6 3. c4 e6 4. e3 Nf6 5. Nc3 Nbd7 6. Qc2 a6 7. b3 b5 8. Be2 Be7
9. O-O O-O 10. Bb2 Bb7 11. Rad1 Rc8 12. h3 Qc7 13. Ne5 b4 14. Na4 c5 15. Qb1
cxd4 16. Nxd7 Nxd7 17. Bxd4 dxc4 18. Bxc4 Bf6 19. Bxf6 Nxf6 20. Qd3 Rfd8 21.
Qe2 Qc6 22. f3 Nd5 23. Rd4 Ne7 24. Rfd1 Rxd4 25. Rxd4 Nf5 26. Rd2 Nd6 27. Qd1
Ne8 28. e4 h6 29. Kh1 Nf6 30. Rd6 Qc7 31. Qd4 a5 32. Qb6 Ne8 33. Rd1 Kf8 34.
Qd4 Ke7 35. Qf2 Rd8 36. Rc1 Qf4 37. Qc5+ Kf6 38. Re1 Rd2 39. Qxa5 Qg3 40. Rg1
Kg6 41. Qxb4 Rxa2 42. Qxb7 Nf6 43. Nc3 Nh5 44. Nxa2 Qf4 45. Re1 Ng3+ 46. Kg1
Qd2 1-0

[Event "N�-LL 2007_08"]
[Site "?"]
[Date "2008.04.13"]
[Round "12"]
[White "Vykydal, Frantisek"]
[Black "Weinzettl, Ernst"]
[Result "1/2-1/2"]
[WhiteElo "2240"]
[BlackElo "2290"]
[Annotator "P�chlarn : Zwettl"]
[PlyCount "106"]
[EventDate "2007.10.10"]
[SourceDate "2008.04.18"]

1. e4 c5 2. Nc3 Nc6 3. g3 g6 4. Bg2 Bg7 5. d3 d6 6. Be3 e6 7. Qd2 Rb8 8. a4 Nd4
9. Nge2 Ne7 10. O-O O-O 11. Nd1 Bd7 12. Nxd4 cxd4 13. Bh6 Bxh6 14. Qxh6 Qa5 15.
Qf4 Qe5 16. Qd2 f5 17. f4 Qc5 18. b4 Qc7 19. c4 dxc3 20. Qxc3 Rbc8 21. Qxc7
Rxc7 22. Nf2 Nc6 23. exf5 gxf5 24. Bxc6 Rxc6 25. b5 Rc2 26. Rfc1 Rfc8 27. Rxc2
Rxc2 28. h3 a6 29. bxa6 bxa6 30. a5 Bb5 31. g4 Kf7 32. Ra3 h6 33. Kg2 Kg6 34.
Kf3 h5 35. gxf5+ exf5 36. Ra1 Kf6 37. Rg1 Rd2 38. Rg5 Ra2 39. Rg8 Rxa5 40. Rh8
Ra1 41. Rh6+ Ke7 42. Rxh5 Bd7 43. Rh7+ Ke6 44. h4 Bc6+ 45. Ke3 Rg1 46. Ra7 Rg3+
47. Ke2 Bf3+ 48. Kf1 Bg2+ 49. Ke2 Bf3+ 50. Kd2 Bg4 51. Rg7 Rg2 52. Ke3 Rg3+ 53.
Kd2 Rg2 1/2-1/2

[Event "N�-LL 2007_08"]
[Site "?"]
[Date "2008.04.13"]
[Round "12"]
[White "Kranzl, Peter"]
[Black "Wagner, Stefan"]
[Result "1/2-1/2"]
[WhiteElo "2234"]
[BlackElo "2126"]
[Annotator "P�chlarn : Zwettl"]
[PlyCount "127"]
[EventDate "2007.10.10"]
[SourceDate "2008.04.18"]

1. e4 e5 2. Nf3 Nc6 3. c3 d5 4. Qa4 f6 5. Bb5 Nge7 6. exd5 Qxd5 7. O-O e4 8.
Nd4 Bd7 9. Nxc6 Bxc6 10. Bxc6+ Nxc6 11. Re1 g5 12. d4 O-O-O 13. Nd2 f5 14. f3
Re8 15. fxe4 fxe4 16. Qb3 Qf5 17. Qc2 Bg7 18. Rxe4 Nxd4 19. Rxe8+ Rxe8 20.
Qxf5+ Nxf5 21. Kf2 Ne3 22. Nf3 Nc2 23. Rb1 g4 24. Nd2 Re1 25. Nb3 Bh6 26. Kg3
a5 27. a4 b5 28. axb5 a4 29. Bxh6 Rxb1 30. Nc5 Rxb2 31. Nxa4 Rxb5 32. Kxg4 Kd7
33. h4 Ne1 34. g3 Nd3 35. Kf3 Ra5 36. Ke4 Nf2+ 37. Kf3 Nd1 38. Ke2 Rxa4 39.
Kxd1 Ra2 40. Bd2 Ke6 41. Ke2 c5 42. g4 Ke5 43. Ke3 Ra1 44. h5 Rh1 45. Kd3 Kd5
46. c4+ Ke5 47. h6 Rh3+ 48. Be3 Rg3 49. g5 Kf5 50. Kd2 Rxg5 51. Bxc5 Ke5 52.
Bf8 Kd4 53. Bg7+ Kxc4 54. Ke3 Kd5 55. Kf4 Rh5 56. Kg4 Rh1 57. Kg5 Ke6 58. Kf4
Rg1 59. Ke4 Rg4+ 60. Ke3 Kf5 61. Kd3 Rg3+ 62. Kd4 Rh3 63. Bf8 Rh1 64. Ke3
1/2-1/2

[Event "N�-LL 2007_08"]
[Site "?"]
[Date "2008.04.27"]
[Round "13"]
[White "Denk, Adolf"]
[Black "Penz, Harald"]
[Result "1/2-1/2"]
[WhiteElo "2259"]
[BlackElo "2329"]
[Annotator "Mauerbach : St.P�lten"]
[PlyCount "25"]
[EventDate "2007.10.10"]
[SourceDate "2008.04.27"]

1. d4 d5 2. Nf3 Nf6 3. c4 c5 4. cxd5 cxd4 5. Qa4+ Qd7 6. Qxd4 Qxd5 7. Nc3 Qxd4
8. Nxd4 e5 9. Ndb5 Na6 10. g3 Bd7 11. Bg2 Bc6 12. O-O Bc5 13. Bg5 1/2-1/2

[Event "N�-LL 2007_08"]
[Site "?"]
[Date "2008.04.27"]
[Round "13"]
[White "Matevosyan, Andy"]
[Black "Wadsack, Wolfgang"]
[Result "0-1"]
[WhiteElo "2010"]
[BlackElo "2210"]
[Annotator "Amstetten : Schwarzatal"]
[PlyCount "24"]
[EventDate "2007.10.10"]
[SourceDate "2008.04.27"]

1. e4 d5 2. exd5 Nf6 3. Nc3 Nxd5 4. Bc4 c6 5. Nge2 g6 6. d4 Bg7 7. Bxd5 cxd5 8.
Nf4 O-O 9. Be3 Nc6 10. f3 e5 11. Nfe2 exd4 12. Nxd4 Re8 0-1

[Event "N�-LL 2007_08"]
[Site "?"]
[Date "2008.04.27"]
[Round "13"]
[White "Wallner, Erich"]
[Black "Ponjican, Erich"]
[Result "1/2-1/2"]
[WhiteElo "2192"]
[BlackElo "2160"]
[Annotator "Mauerbach : St.P�lten"]
[PlyCount "20"]
[EventDate "2007.10.10"]
[SourceDate "2008.04.27"]

1. d4 d5 2. Bg5 c5 3. e3 Qb6 4. b3 Bf5 5. Nf3 e6 6. Be2 Nc6 7. O-O cxd4 8. Nxd4
Nxd4 9. exd4 Be7 10. Be3 Nf6 1/2-1/2

[Event "N�-LL 2007_08"]
[Site "?"]
[Date "2008.04.27"]
[Round "13"]
[White "Mahdy, Khaled"]
[Black "Kummer, Helmut"]
[Result "1/2-1/2"]
[WhiteElo "2396"]
[BlackElo "2324"]
[Annotator "Bad V�slau/Kottingbrunn : Krems"]
[PlyCount "23"]
[EventDate "2007.10.10"]
[SourceDate "2008.04.27"]

1. e4 e5 2. Nf3 Nc6 3. Bb5 a6 4. Ba4 Nf6 5. d3 d6 6. c3 g6 7. O-O Bg7 8. h3 O-O
9. Re1 b5 10. Bc2 Bb7 11. Nbd2 Nb8 12. Nf1 1/2-1/2

[Event "N�-LL 2007_08"]
[Site "?"]
[Date "2008.04.27"]
[Round "13"]
[White "Batyte, Daiva"]
[Black "Mlynek, Petr"]
[Result "1/2-1/2"]
[WhiteElo "2219"]
[BlackElo "2188"]
[Annotator "Zwettl : Stockerau"]
[PlyCount "32"]
[EventDate "2007.10.10"]
[SourceDate "2008.04.27"]

1. g3 d5 2. Bg2 c6 3. d4 Bf5 4. Nd2 Nf6 5. Ngf3 h6 6. Ne5 Nbd7 7. Ndf3 e6 8. c3
Bd6 9. Bf4 Qc7 10. h3 O-O 11. Nxd7 Nxd7 12. Bxd6 Qxd6 13. O-O e5 14. dxe5 Nxe5
15. Nxe5 Qxe5 16. e3 Be4 1/2-1/2

[Event "N�-LL 2007_08"]
[Site "?"]
[Date "2008.04.27"]
[Round "13"]
[White "Neumeier, Klaus"]
[Black "R�hrl, Karl"]
[Result "1/2-1/2"]
[WhiteElo "2289"]
[BlackElo "2221"]
[Annotator "Mauerbach : St.P�lten"]
[PlyCount "46"]
[EventDate "2007.10.10"]
[SourceDate "2008.04.27"]

1. e4 c5 2. Nf3 e6 3. b3 a6 4. c4 Nc6 5. Bb2 d6 6. d4 cxd4 7. Nxd4 Bd7 8. Nc3
Nf6 9. Nxc6 Bxc6 10. Bd3 Be7 11. O-O O-O 12. Qe2 Qa5 13. f4 Nd7 14. Nd5 exd5
15. exd5 Bf6 16. dxc6 Qc5+ 17. Kh1 bxc6 18. Qe4 g6 19. Bxf6 Nxf6 20. Qf3 Rae8
21. Rfe1 Qd4 22. h3 a5 23. f5 g5 1/2-1/2

[Event "N�-LL 2007_08"]
[Site "?"]
[Date "2008.04.27"]
[Round "13"]
[White "Zojer, Thomas"]
[Black "Mayer, Martin"]
[Result "1/2-1/2"]
[WhiteElo "2114"]
[BlackElo "2038"]
[Annotator "Bad V�slau/Kottingbrunn : Krems"]
[PlyCount "43"]
[EventDate "2007.10.10"]
[SourceDate "2008.04.27"]

1. d4 d5 2. c4 e6 3. Nc3 Nf6 4. Nf3 c6 5. e3 Nbd7 6. Bd2 Bd6 7. Qc2 O-O 8. Bd3
dxc4 9. Bxc4 e5 10. O-O exd4 11. exd4 Nb6 12. Bb3 Nbd5 13. Bg5 Bf4 14. Nxd5
Bxg5 15. Nxg5 cxd5 16. Rac1 h6 17. Nf3 Bd7 18. Ne5 Rc8 19. Qd3 Qe7 20. Rc2 Rxc2
21. Bxc2 Rc8 22. Nxd7 1/2-1/2

[Event "N�-LL 2007_08"]
[Site "?"]
[Date "2008.04.27"]
[Round "13"]
[White "Posch, Werner"]
[Black "Knoll, Hermann"]
[Result "0-1"]
[WhiteElo "2173"]
[BlackElo "2373"]
[Annotator "Wr.Neustadt : P�chlarn"]
[PlyCount "80"]
[EventDate "2007.10.10"]
[SourceDate "2008.04.27"]

1. e4 d6 2. Nc3 e5 3. Bc4 Nf6 4. d3 g6 5. f4 Bg7 6. Nf3 Nbd7 7. O-O O-O 8. fxe5
dxe5 9. Bg5 c6 10. Kh1 b5 11. Bb3 Qe7 12. a3 Nc5 13. Ba2 Be6 14. Nxe5 Bxa2 15.
Ng4 Ncd7 16. e5 Nxg4 17. Bxe7 Be6 18. Bxf8 Rxf8 19. d4 Ne3 20. Qf3 Nxf1 21.
Qxf1 f6 22. exf6 Nxf6 23. Qe1 Bf5 24. Qd2 Ng4 25. Rf1 Bh6 26. Qe2 Ne3 27. Rf3
Nxc2 28. Qf2 Re8 29. h3 Be3 30. Qg3 Bxd4 31. Rxf5 Re1+ 32. Qxe1 Nxe1 33. Rf1
Nd3 34. b3 a5 35. Rf3 Ne5 36. Rg3 Kf7 37. Ne4 h6 38. a4 Ke6 39. axb5 cxb5 40.
Nc3 Bf2 0-1

[Event "N�-LL 2007_08"]
[Site "?"]
[Date "2008.04.27"]
[Round "13"]
[White "Gugler, Edgar"]
[Black "Braun, Karl Heinz"]
[Result "1/2-1/2"]
[WhiteElo "2144"]
[BlackElo "2036"]
[Annotator "Amstetten : Schwarzatal"]
[PlyCount "59"]
[EventDate "2007.10.10"]
[SourceDate "2008.04.27"]

1. d4 Nf6 2. Nf3 g6 3. Bf4 Bg7 4. e3 O-O 5. Be2 c5 6. c3 b6 7. O-O Bb7 8. Nbd2
d6 9. h3 Nbd7 10. Bh2 Re8 11. a4 a6 12. Qb3 Rb8 13. Rfd1 Qc7 14. e4 Nxe4 15.
Nxe4 Bxe4 16. Ng5 Qb7 17. Qxf7+ Kh8 18. Bc4 h6 19. Nxe4 Qxe4 20. Bd3 Qh4 21.
Qxg6 Nf8 22. Qf5 cxd4 23. Bg3 Qf6 24. cxd4 a5 25. Rac1 Qxf5 26. Bxf5 b5 27. Ra1
bxa4 28. Rxa4 Rb5 29. Bg4 Ra8 30. Rda1 1/2-1/2

[Event "N�-LL 2007_08"]
[Site "?"]
[Date "2008.04.27"]
[Round "13"]
[White "Gruszka, Herbert"]
[Black "Brehovsky, Paul"]
[Result "1-0"]
[WhiteElo "1972"]
[BlackElo "2100"]
[Annotator "Bad V�slau/Kottingbrunn : Krems"]
[PlyCount "79"]
[EventDate "2007.10.10"]
[SourceDate "2008.04.27"]

1. d4 e6 2. c4 d5 3. Nc3 Nf6 4. e3 c6 5. Nf3 Nbd7 6. Qc2 Bd6 7. c5 Bc7 8. b4
O-O 9. Bd3 e5 10. dxe5 Nxe5 11. Nxe5 Bxe5 12. Rb1 Re8 13. Ne2 Bd7 14. Bb2 Qc7
15. Bxe5 Rxe5 16. Nd4 Rae8 17. O-O Rh5 18. g3 Ne4 19. Rfe1 Rh6 20. f4 Bg4 21.
a4 a6 22. Bxe4 Rxe4 23. b5 axb5 24. axb5 Rg6 25. bxc6 bxc6 26. Rb6 Re8 27. Qa4
Bd7 28. Kf2 h5 29. Reb1 Rc8 30. Rb7 Qd8 31. Qa7 Be8 32. Nf5 Kh7 33. Ne7 Ra8 34.
Qb6 Ra2+ 35. Kg1 Qa8 36. Nxg6 Qa4 37. Qb3 fxg6 38. Qxa4 Rxa4 39. Re7 Re4 40.
Rbb7 1-0

[Event "N�-LL 2007_08"]
[Site "?"]
[Date "2008.04.27"]
[Round "13"]
[White "Wetzenkirchner, Markus"]
[Black "Brandst�tter, Friedrich"]
[Result "1-0"]
[WhiteElo "1777"]
[BlackElo "2055"]
[Annotator "Niederabsdorf : B�hlerwerk"]
[PlyCount "89"]
[EventDate "2007.10.10"]
[SourceDate "2008.04.27"]

1. f4 d5 2. Nf3 Nf6 3. e3 g6 4. b3 Bg7 5. Bb2 O-O 6. Bb5 c5 7. Be2 Nc6 8. O-O
b6 9. Qe1 Bb7 10. Qh4 d4 11. Na3 e6 12. exd4 Nxd4 13. Nxd4 cxd4 14. Nc4 Nd5 15.
Qf2 Ne7 16. Bd3 Rc8 17. Ba3 Ba8 18. Rae1 Rc7 19. Nd6 Rd7 20. Nc4 Re8 21. Ne5
Rc7 22. h4 a6 23. h5 b5 24. Kh2 Nf5 25. hxg6 hxg6 26. g4 Qh4+ 27. Qxh4 Nxh4 28.
Kg3 g5 29. fxg5 Bxe5+ 30. Rxe5 Ng6 31. Re2 Kg7 32. Bd6 Rd7 33. Bxg6 Kxg6 34.
Be5 Rd5 35. Rf6+ Kxg5 36. Rxf7 Rxe5 37. Rxe5+ Kg6 38. Rf4 Bd5 39. Rxd4 Rc8 40.
c3 Kf7 41. Rexd5 exd5 42. Rxd5 Ke6 43. Rf5 Rd8 44. d4 b4 45. d5+ 1-0

[Event "N�-LL 2007_08"]
[Site "?"]
[Date "2008.04.27"]
[Round "13"]
[White "Vykydal, Frantisek"]
[Black "Gr�tz, Harald"]
[Result "0-1"]
[WhiteElo "2240"]
[BlackElo "2321"]
[Annotator "Zwettl : Stockerau"]
[PlyCount "80"]
[EventDate "2007.10.10"]
[SourceDate "2008.04.27"]

1. e4 c5 2. Nc3 d6 3. g3 Nc6 4. Bg2 g6 5. d3 Bg7 6. Be3 e6 7. Qd2 Nge7 8. Bh6
Bxh6 9. Qxh6 Nd4 10. Qd2 e5 11. Nd1 Be6 12. h4 h5 13. Nf3 Nxf3+ 14. Bxf3 d5 15.
Qg5 Qd6 16. Qf6 O-O-O 17. exd5 Nxd5 18. Bxd5 Bxd5 19. Qxd6 Rxd6 20. Rg1 e4 21.
Kd2 exd3 22. Kxd3 b5 23. Ke2 Bc4+ 24. Ke1 Rhd8 25. b3 Bd5 26. Ke2 Be4 27. c3
Rd3 28. Ne3 Rd2+ 29. Kf1 Bf3 30. g4 hxg4 31. Re1 f5 32. h5 gxh5 33. Nxf5 Rxa2
34. Nh4 Rdd2 35. Rg3 Rxf2+ 36. Kg1 Bc6 37. Ng6 Rg2+ 38. Rxg2 Rxg2+ 39. Kf1 Rh2
40. Re5 g3 0-1

[Event "N�-LL 2007_08"]
[Site "?"]
[Date "2008.04.27"]
[Round "13"]
[White "Wiedermann, Daniel"]
[Black "Heimberger, Reinhard"]
[Result "1-0"]
[WhiteElo "2078"]
[BlackElo "2229"]
[Annotator "Niederabsdorf : B�hlerwerk"]
[PlyCount "124"]
[EventDate "2007.10.10"]
[SourceDate "2008.05.13"]

1. d4 d5 2. c4 e6 3. Nc3 Nf6 4. Nf3 c6 5. e3 Nbd7 6. Qc2 Be7 7. Be2 O-O 8. O-O
a6 9. c5 Qc7 10. b4 e5 11. Nxe5 Nxe5 12. dxe5 Qxe5 13. Bb2 Bf5 14. Qb3 Bg4 15.
Rad1 Qh5 16. f3 Be6 17. Qc2 Rfe8 18. Rfe1 Bd8 19. Bc1 Bc7 20. g3 Bf5 21. Qb2
Qg6 22. Bf1 h5 23. Qg2 Re7 24. Ne2 Rae8 25. Nd4 Nd7 26. Nxf5 Qxf5 27. Bd3 Qf6
28. f4 a5 29. a3 axb4 30. axb4 Qc3 31. Qd2 Qxd2 32. Bxd2 b6 33. cxb6 Bxb6 34.
Kf2 Nf6 35. Kf3 Ng4 36. Re2 Bxe3 37. Rde1 d4 38. h3 Kf8 39. Rc1 Nf6 40. Rxc6
Nd5 41. Be1 Bxf4 42. Rxe7 Nxe7 43. Rc5 Bh6 44. Bf2 Bd2 45. b5 Bc3 46. b6 Rb8
47. Rxh5 g6 48. Rb5 Nc8 49. b7 Nd6 50. Rb6 Ke7 51. Be4 Nc4 52. Rb5 Nd2+ 53. Kf4
g5+ 54. Kf5 Nc4 55. Kxg5 Nd6 56. Re5+ Kf8 57. Bf3 d3 58. Rd5 Nxb7 59. Rb5 d2
60. Bd1 Ke7 61. Kf4 Kd6 62. Ba7 Re8 1-0

[Event "N�-LL 2007_08"]
[Site "?"]
[Date "2008.04.27"]
[Round "13"]
[White "Schorn, Christoph"]
[Black "J�nger, Heinz"]
[Result "1-0"]
[WhiteElo "2154"]
[BlackElo "2027"]
[Annotator "Mauerbach : St.P�lten"]
[PlyCount "115"]
[EventDate "2007.10.10"]
[SourceDate "2008.05.13"]

1. e4 c5 2. Nf3 e6 3. d4 cxd4 4. Nxd4 a6 5. Nc3 Qc7 6. Bd3 Nf6 7. O-O d6 8. Qe2
Nbd7 9. Kh1 Be7 10. f4 b5 11. Bd2 Bb7 12. a3 h5 13. Rae1 h4 14. Nd1 Nh5 15. Nf2
Bf6 16. c3 e5 17. fxe5 Bxe5 18. Nh3 Bg3 19. Rd1 Ne5 20. Bg5 Bc8 21. Bxb5+ Kf8
22. Ba4 Ng4 23. Nf5 Bxf5 24. Rxf5 Nxh2 25. Bxh4 Nf4 26. Nxf4 Rxh4 27. Ng6+ Kg8
28. Nxh4 g6 29. Nxg6 fxg6 30. Bb3+ Kh8 31. Rf7 Qd8 32. Rd3 Qh4 33. Rxg3 Qxg3
34. Qd2 Ng4 35. Kg1 Qh2+ 36. Kf1 Qh1+ 37. Ke2 Qxg2+ 38. Kd1 Qxd2+ 39. Kxd2 Re8
40. Bd5 Ne5 41. Ra7 g5 42. Rxa6 g4 43. Ke2 Rf8 44. Ra8 Rxa8 45. Bxa8 Nc4 46.
Bd5 Nxb2 47. Bb3 Kg7 48. a4 g3 49. Kf3 Nd3 50. a5 Kf6 51. a6 Ne5+ 52. Kxg3 Nc6
53. Kf4 Na7 54. Bd5 Ke7 55. Kf5 Nc8 56. Bb7 Na7 57. c4 Kf7 58. Kf4 1-0

[Event "N�-LL 2007_08"]
[Site "?"]
[Date "2008.04.27"]
[Round "13"]
[White "Lampl, Gerald"]
[Black "W�ber, Friedrich"]
[Result "1/2-1/2"]
[WhiteElo "2094"]
[BlackElo "2103"]
[Annotator "Bad V�slau/Kottingbrunn : Krems"]
[PlyCount "113"]
[EventDate "2007.10.10"]
[SourceDate "2008.05.13"]

1. d4 d5 2. c4 e5 3. dxe5 d4 4. Nf3 Nc6 5. g3 Bg4 6. Bg2 Qd7 7. Bf4 Nge7 8.
Nbd2 Ng6 9. a3 Nxf4 10. gxf4 Qf5 11. b4 Qxf4 12. b5 Nxe5 13. Nxe5 Qxe5 14. Bxb7
Rd8 15. Bc6+ Bd7 16. Nf3 Qc5 17. Bxd7+ Rxd7 18. Qd3 Be7 19. Rg1 O-O 20. Nd2 a6
21. Nb3 Qb6 22. a4 Bb4+ 23. Kf1 Ra8 24. Qf5 Qe6 25. Qg4 Qxg4 26. Rxg4 axb5 27.
cxb5 Bc3 28. Ra2 Rd5 29. Nc1 Rc5 30. e3 dxe3 31. fxe3 Bf6 32. Nd3 Rxb5 33. axb5
Rxa2 34. Rc4 Ra1+ 35. Ke2 Rb1 36. Rxc7 h5 37. Rb7 g5 38. b6 g4 39. Nf4 h4 40.
Rb8+ Kh7 41. Nd5 Be5 42. Re8 Bxh2 43. Nf6+ Kg7 44. Nxg4 Rxb6 45. Nxh2 Rb2+ 46.
Kf1 Rxh2 47. Kg1 Re2 48. Re4 h3 49. Rg4+ Kf6 50. Rg3 h2+ 51. Kh1 Ke5 52. Rf3 f5
53. Rf1 Rxe3 54. Kxh2 f4 55. Kg2 Kf5 56. Kf2 Ra3 57. Re1 1/2-1/2

[Event "N�-LL 2007_08"]
[Site "?"]
[Date "2008.04.27"]
[Round "13"]
[White "Weiss, Christian"]
[Black "Volkmann, Friedrich Karl"]
[Result "1/2-1/2"]
[WhiteElo "2430"]
[BlackElo "2416"]
[Annotator "Wr.Neustadt : P�chlarn"]
[PlyCount "112"]
[EventDate "2007.10.10"]
[SourceDate "2008.05.13"]

1. c4 c6 2. Nf3 d5 3. e3 Nf6 4. Nc3 g6 5. d4 Bg7 6. Be2 O-O 7. O-O Bg4 8. Qb3
Qb6 9. h3 Bxf3 10. Bxf3 Rd8 11. Qxb6 axb6 12. cxd5 cxd5 13. Bd2 Nc6 14. Rfd1 e6
15. Be1 Ne8 16. Be2 Nd6 17. b3 Nb4 18. a4 Nc2 19. Rac1 Nxe1 20. Rxe1 Rac8 21.
Bd3 Rc7 22. Ne2 Rdc8 23. Rxc7 Rxc7 24. g4 Kf8 25. Kg2 Ke7 26. h4 h6 27. Ra1 Bf6
28. Kh3 Rc8 29. f3 Kd7 30. Kg3 e5 31. Rd1 e4 32. Bb1 exf3 33. Nf4 Bxh4+ 34.
Kxf3 Rc3 35. Nxd5 Rxb3 36. Bd3 Bg5 37. Bc2 Rb2 38. Bd3 Bh4 39. Rf1 Bg5 40. Rb1
Rxb1 41. Bxb1 b5 42. axb5 Nxb5 43. Ba2 Kd6 44. Nb4 f5 45. gxf5 gxf5 46. Bb1 f4
47. exf4 Nxd4+ 48. Ke4 Bf6 49. Ba2 Bg7 50. Bf7 b5 51. Nd3 Nc6 52. Be8 Bc3 53.
Nc1 b4 54. Bxc6 Kxc6 55. Na2 Bd2 56. Nxb4+ Bxb4 1/2-1/2

[Event "N�-LL 2007_08"]
[Site "?"]
[Date "2008.04.27"]
[Round "13"]
[White "Rosenauer, Harald"]
[Black "Pammer, Andreas"]
[Result "0-1"]
[WhiteElo "1981"]
[BlackElo "2084"]
[Annotator "Bisamberg/Korneub.: Waidhofen"]
[PlyCount "126"]
[EventDate "2007.10.10"]
[SourceDate "2008.05.13"]

1. Nf3 Nf6 2. g3 d5 3. Bg2 c5 4. c4 Nc6 5. cxd5 Nxd5 6. Nc3 g6 7. d3 Bg7 8. Bd2
O-O 9. O-O Nc7 10. Rc1 Qd7 11. a3 b6 12. Qc2 Bb7 13. Ne4 Rac8 14. Rfe1 e5 15.
b4 cxb4 16. axb4 Ne6 17. Qa2 a6 18. Bh6 f6 19. Bxg7 Kxg7 20. Qb2 Ncd4 21. Nxd4
Nxd4 22. e3 Nb5 23. Rxc8 Rxc8 24. Rd1 Bxe4 25. Bxe4 Nc3 26. Ra1 Nxe4 27. dxe4
Qd3 28. Qa3 Qxa3 29. Rxa3 Rc4 30. Rxa6 Rxb4 31. Kg2 g5 32. h3 h5 33. Kf3 Kf7
34. Ra7+ Kg6 35. Rb7 Rb2 36. Kg2 b5 37. Kf1 g4 38. h4 b4 39. Ke1 b3 40. Kf1
Rb1+ 41. Ke2 b2 42. Rb6 Kf7 43. Rb7+ Ke6 44. Rb6+ Ke7 45. Rb7+ Kd6 46. Kd2 Rf1
47. Rxb2 Rxf2+ 48. Kc3 Rf3 49. Kd3 Rxg3 50. Rb6+ Kc7 51. Rxf6 Rh3 52. Rf5 Rxh4
53. Rxe5 g3 54. Ke2 Rg4 55. Kf1 g2+ 56. Kg1 h4 57. Rc5+ Kd6 58. Rc1 h3 59. Kh2
Ke5 60. Rg1 Kxe4 61. Kxh3 Kf3 62. e4 Rg8 63. Kh4 Kf2 0-1

[Event "N�-LL 2007_08"]
[Site "?"]
[Date "2008.04.27"]
[Round "13"]
[White "Janetschek, Karl"]
[Black "Schmid, Thomas"]
[Result "1/2-1/2"]
[WhiteElo "2208"]
[BlackElo "2201"]
[Annotator "Zwettl : Stockerau"]
[PlyCount "100"]
[EventDate "2007.10.10"]
[SourceDate "2008.05.13"]

1. e4 c5 2. Nf3 d6 3. d4 cxd4 4. Nxd4 Nf6 5. Nc3 a6 6. Bc4 e6 7. a4 Be7 8. O-O
Nc6 9. Be3 O-O 10. f4 Qc7 11. Bb3 Na5 12. Qe2 Bd7 13. Rad1 Rac8 14. h3 Nxb3 15.
cxb3 Qa5 16. Rf3 Rfd8 17. Bf2 b5 18. e5 dxe5 19. fxe5 Ne8 20. axb5 axb5 21. Rf1
b4 22. Na4 Bxa4 23. bxa4 Rd5 24. Nb3 Rxe5 25. Be3 Qxa4 26. Qf2 f6 27. Bd4 Rd5
28. Re3 Qd7 29. Re4 Rc4 30. Kh1 e5 31. Rxe5 Rxe5 32. Bxe5 Rc8 33. Bg3 Qd3 34.
Qe1 Kf7 35. Rf3 Qd5 36. Re3 Bd6 37. Bxd6 Qxd6 38. Qe2 Rd8 39. Qh5+ Kf8 40. Qxh7
Qd1+ 41. Kh2 Kf7 42. h4 Nc7 43. h5 Rd5 44. Qg6+ Kf8 45. Rh3 Rg5 46. Qe4 Qd6+
47. Kg1 Re5 48. Qh4 Qd1+ 49. Kh2 Qd6 50. Qg3 Rd5 1/2-1/2

[Event "N�-LL 2007_08"]
[Site "?"]
[Date "2008.04.27"]
[Round "13"]
[White "Illner, Gerhard"]
[Black "Ebner, Johann"]
[Result "1/2-1/2"]
[WhiteElo "2031"]
[BlackElo "2042"]
[Annotator "Bisamberg/Korneub.: Waidhofen"]
[PlyCount "73"]
[EventDate "2007.10.10"]
[SourceDate "2008.05.13"]

1. d4 d5 2. c4 e6 3. Nc3 Nf6 4. cxd5 exd5 5. Bg5 Be7 6. e3 c6 7. Qc2 Nbd7 8.
Bd3 O-O 9. Nf3 Re8 10. O-O Ne4 11. Bxe7 Qxe7 12. Bxe4 dxe4 13. Nd2 Nf6 14. Rab1
Bf5 15. b4 Bg6 16. Nc4 Nd5 17. Qb3 Nxc3 18. Qxc3 f6 19. a4 Rec8 20. Rfc1 Bf7
21. Na5 Qd7 22. Nb3 b6 23. a5 h5 24. Nd2 Bd5 25. f3 Qf5 26. f4 Qe6 27. Nc4 Bxc4
28. Qxc4 Kf7 29. Qe2 g6 30. Rb2 Rc7 31. Rbc2 Rac8 32. axb6 axb6 33. b5 Ke7 34.
Qd2 Qd6 35. Qc3 Kd7 36. Qb3 Ke7 37. Qc3 1/2-1/2

[Event "N�-LL 2007_08"]
[Site "?"]
[Date "2008.04.27"]
[Round "13"]
[White "Mittermayer, Gerhard"]
[Black "Ungerb�ck, G�nther"]
[Result "0-1"]
[WhiteElo "2121"]
[BlackElo "1937"]
[Annotator "Amstetten : Schwarzatal"]
[PlyCount "70"]
[EventDate "2007.10.10"]
[SourceDate "2008.05.13"]

1. e4 c5 2. Nf3 g6 3. d4 Bg7 4. c3 cxd4 5. cxd4 d5 6. e5 Bg4 7. Nc3 Nc6 8. Be3
e6 9. Nb5 Bf8 10. Be2 Bxf3 11. Bxf3 Qa5+ 12. Nc3 Nge7 13. g4 Bg7 14. Qd2 f6 15.
exf6 Bxf6 16. g5 Bg7 17. Bg4 e5 18. dxe5 Nxe5 19. Be2 O-O 20. b4 Qxb4 21. Rb1
Nf3+ 22. Bxf3 Qxc3 23. Rxb7 Qc6 24. Rxe7 Bc3 25. Bxd5+ Qxd5 26. Qxc3 Qxh1+ 27.
Ke2 Qf3+ 28. Kf1 Qd1+ 29. Kg2 Qd5+ 30. Kg1 Rf7 31. Rxf7 Qxf7 32. Bc1 Rd8 33.
Be3 Qd5 34. Qf6 Qd1+ 35. Kg2 Qg4+ 0-1

[Event "N�-LL 2007_08"]
[Site "?"]
[Date "2008.04.27"]
[Round "13"]
[White "Wiedner, Robert"]
[Black "Loidl, Florian"]
[Result "0-1"]
[WhiteElo "2141"]
[BlackElo "2199"]
[Annotator "Wr.Neustadt : P�chlarn"]
[PlyCount "110"]
[EventDate "2007.10.10"]
[SourceDate "2008.05.14"]

1. Nf3 Nf6 2. c4 e6 3. b3 b6 4. g3 Bb7 5. Bg2 Be7 6. Bb2 O-O 7. O-O d6 8. Nc3
Nbd7 9. d4 Ne4 10. Qc2 Nxc3 11. Bxc3 Nf6 12. Rfd1 Be4 13. Qd2 d5 14. cxd5 Nxd5
15. Ne5 Bxg2 16. Kxg2 f5 17. Rac1 f4 18. Qd3 Bd6 19. Nf3 Qf6 20. Qe4 a5 21. g4
a4 22. b4 Qe7 23. Ne5 Qg5 24. h3 Bxe5 25. dxe5 f3+ 26. exf3 Rf4 27. Qe1 Qh4 28.
Rxd5 exd5 29. e6 Qe7 30. Be5 Rc4 31. Rxc4 dxc4 32. Bc3 Qd6 33. Qe3 Qd5 34. Qf4
Rf8 35. Qe4 Qxe4 36. fxe4 c6 37. Bd4 b5 38. e7 Re8 39. f4 Rxe7 40. Kf3 Kf7 41.
f5 Rd7 42. Ke3 a3 43. e5 Rd5 44. Ke4 Ke7 45. h4 g6 46. h5 gxh5 47. gxh5 Kf7 48.
h6 Ke7 49. e6 Rd8 50. Bc5+ Kf6 51. Bf2 Kg5 52. f6 Rd6 53. Bh4+ Kg6 54. Ke5 Rd5+
55. Kf4 Rf5+ 0-1